000 00572nam a2200193Ia 4500
005 20250508163343.0
008 008 250505s9999 xx 000 0 eng d
037 _aTextual
040 _aFEDL
_beng
_cFEDL
041 _aeng
_2eng
084 _a371.2, MUK
_qFEDL
100 _aMukerji S N
245 0 _aAdministration of education, planning and finance : Theory and practices
260 _aBaroda, India
_bAcharya Book Depot
_c1970
300 _ax,374p.
650 _aSchool Administration
942 _cTEXL
_h371.2, MUK
999 _c1382505
_d1382505